000 00340nam a2200133 i 4500
001 bg
100 1 _aUŹDZICKI, Kazimierz
245 0 _aProblemy kształcenia nauczycieli techniki /
_cKazimierz Uździcki.
260 _aZielona Góra,
_c1984.
040 _cBPK
041 _apol
942 _cKS
008 s pl f |000 0 pol
999 _c28160
_d28160
856 _uhttp://koha.tu.koszalin.pl/cgi-bin/koha/opac-detail.pl?biblionumber=28160
_yKatalog online BPK